Titles of World Leaders - Statistics

General Stats
  • This quiz has been taken 93 times
  • The average score is 9 of 12
Answer Stats
Examples Title % Correct
Vatican City Pope
97%
Jordan, Morocco, Saudi Arabia King
93%
Nicaragua, Palestine, Zambia President
92%
Austria, Germany Chancellor
89%
Brunei, Oman Sultan
82%
Fiji, Peru, Lithuania Prime Minister
80%
Liechtenstein, Monaco Prince
76%
Afghanistan, Iran, North Korea Supreme Leader
73%
Kuwait, Qatar Emir
72%
China, Laos, Vietnam General Secretary
58%
Ireland Taoiseach
27%
San Marino {Captain} Regent
22%
No matching quizzes found
Score Distribution
Percent of People with Each Score
Percentile by Number Answered
Your Score History
You have not taken this quiz